| 000 | 00478nam a2200133Ia 4500 | ||
|---|---|---|---|
| 008 | 160809s9999 xx 000 0 und d | ||
| 100 | _aAdahri, Sulaiman S. | ||
| 245 | _aDetection of Automatic The VOT Value for Voiced Stop Sounds in Modern Standard Arabic (MSA) | ||
| 245 | _cSulaiman S. ADahri, King Abdulaziz. | ||
| 260 | _bComputer Science and Information Technology | ||
| 260 | _cApril 2016 | ||
| 650 | _xINFORMATION TECHNOLOGY | ||
| 856 | _uhttp://airccse.org/V6N52.html | ||
| 999 |
_c300091 _d300091 |
||